000 00252nam a2200109Ia 4500
999 _c6741
_d6741
020 _a978-0716736783
100 _aAnderson,John R.
245 0 _aCognitive Psychology and its implications
260 _aNew York
_bCRC
_c1990
300 _a519
942 _cBK